000 00445nam a2200181Ia 4500
001 16594
005 20260306170321.0
008 260306t2013||||xx |||||||||||||| ||und||
041 _aESP
082 _a348.8
_bB61D
100 _aBlancas Bustamante, Carlos
_eAUT
245 0 _aEl despido en el derecho laboral peruano
260 _c2013
300 _a797 páginas :
_c24 cm.
650 _aGEN
654 _aCDE
942 _cLIB
_dJUS
_fJUS
_2ddc
_n
999 _c16594
_d16594